| 000 | 00863nam a2200229Ia 4500 | ||
|---|---|---|---|
| 001 | 15641 | ||
| 003 | GE_BSU | ||
| 008 | 181216s||||||||xx |||||||||||||| ||und|| | ||
| 040 | _cGE_BSU | ||
| 080 | _a821.353.1-92 | ||
| 100 | _aწერეთელი, ა. | ||
| 245 | _aთხზულებათა სრული კრებული : 15 ტომად. ტ. 12 | ||
| 245 | _bპუბლიცისტური წერილები, 1881-1889 | ||
| 245 | _cსარედ.კოლ.გ.აბზიანიძე. | ||
| 260 | _aთბილისი | ||
| 260 | _bსაბჭ. საქართველო | ||
| 260 | _c1960 | ||
| 300 | _a436 გვ. - 20 მ. | ||
| 653 | _aთხზულებათა სრული კრებული | ||
| 653 | _aპუბლიცისტური წერილები | ||
| 942 | _cBK | ||
| 999 |
_c48741 _d48741 |
||